Т. 1: Трактаты и статьи (1784-1796); Сочинения в 4-х томах

Bibliografske podrobnosti
Parent link:Сочинения в 4-х томах: На немецком и русском языках/ И. Кант. Т. 1: Трактаты и статьи (1784-1796).— , 1994
Jezik:ruščina
nemščina
Izdano: 1994
Teme:
Format: Knjiga
KOHA link:https://koha.lib.tpu.ru/cgi-bin/koha/opac-detail.pl?biblionumber=19984

MARC

LEADER 00000nam0a2200000 4500
001 19984
005 20231101205325.0
010 |a 5861870225 
035 |a (RuTPU)RU\TPU\book\20157 
035 |a BOOK00004846 
090 |a 19984 
100 |a 20011209d1993 k y0rusy50 ca 
101 1 |a rus  |a ger  |c ger 
102 |a RU 
105 |a y z 000zy 
200 0 |a Т. 1: Трактаты и статьи (1784-1796) 
210 |d 1994 
215 |a 584 с. 
461 |t Сочинения в 4-х томах  |o На немецком и русском языках  |f И. Кант  |v Т. 1: Трактаты и статьи (1784-1796)  |d 1994 
606 1 |a Классическая немецкая философия  |2 stltpush  |3 (RuTPU)RU\TPU\subj\14477  |9 40858 
610 1 |a философия 
610 1 |a история 
610 1 |a немецкая философия 
610 1 |a 18 век 
686 |a Ю3(4Г)5-563  |v LBC/SL-A  |2 rubbk 
801 0 |a RU  |b 63413507  |c 20011209  |g PSBO 
801 2 |a RU  |b 63413507  |c 20141114  |g PSBO 
942 |c BK